| 000 | 00973pam a2200289 4500 | ||
|---|---|---|---|
| 001 | 31739 | ||
| 003 | BD-RjUL | ||
| 005 | 20211209051737.0 | ||
| 008 | 140422s1960 enk 001 0 eng | ||
| 020 | _a0837175690 | ||
| 035 | _a(BD-RjUL)31827 | ||
| 040 |
_aDLC _cDLC _dDLC _dBD-RjUL _beng |
||
| 041 | _aeng | ||
| 082 | 0 | 0 |
_a327 _bBUI 1960 |
| 100 | 1 |
_aButterfield, Herbert, _d1900-1979. _921120 |
|
| 245 | 1 | 0 |
_aInternational conflict in the twentieth century : _ba Christian view / _cby Herbert Butterfield. |
| 260 |
_aLondon : _bRoutledge & Kegan, _cc1960. |
||
| 300 |
_a123 p. ; _c22 cm. |
||
| 500 | _aReprint of the ed. published by Harper, New York, which was issued as v. 2 of Religious perspectives. | ||
| 650 | 0 |
_aInternational relations. _996600 |
|
| 650 | 0 |
_aChristianity and international relations. _996601 |
|
| 830 | 0 |
_vv. 2. _996605 |
|
| 830 | 0 |
_aReligious perspectives, _996606 |
|
| 942 |
_2ddc _cBK |
||
| 999 |
_c31739 _d31739 |
||